30 Famous People from Slovenia - Statistics

General Stats
  • This quiz has been taken 326 times
    23 since last reset
  • The average score is 13 of 30
Answer Stats
Hint Answer % Correct
Basketball player who was EuroLeague MVP and NBA Rookie of the Year Luka Dončić
90%
Ice hockey centre and captain for the Los Angeles Kings of the NHL Anže Kopitar
76%
One of the best goalkeepers in the world who plays for Atletico Madrid since 2014 Jan Oblak
71%
Prime minister of Slovenia (2004-2008, 2012-2013 and 2020-2022) Janez Janša
67%
Linguist who played a crucial role in establishing of Serbian language Jernej Kopitar
67%
Second-ever First Lady of the United States to be born outside of the US Melania Trump
67%
Cyclist who is a four time Tour de France and one time Giro d'Italia winner Tadej Pogačar
62%
Long-time captain and goalkeeper for Inter Milan Samir Handanović
57%
Contemporary theorist and critic who has become an icon of modern political thought Slavoj Žižek
57%
Most successful Slovenian ski racer who won two gold medals at the 2014 Winter Olympics Tina Maze
57%
President of Slovenia from 2012 to 2022 Borut Pahor
52%
NBA All-Star and captain of the 2017 EuroBasket champions Goran Dragić
52%
Three siblings who form a dominant dynasty in Slovenian ski jumping Peter, Domen and Nika Prevc
52%
19th century classical poet who mostly wrote ballads and epic poetry France Prešeren
48%
Long-distance swimmer who holds successive Guinness World Records Martin Strel
43%
First President of Slovenia from 1991 until 2002 Milan Kučan
43%
Protestant Reformer known as the author of the first Slovene language printed book Primož Trubar
43%
Prime Minister of Slovenia (1992-2002) and President of Slovenia (2002-2007) Janez Drnovšek
38%
Architect who designed the iconic Triple Bridge in Ljubljana Jože Plečnik
38%
President of Slovenia since 2022 Nataša Pirc Musar
33%
Writer and poet regarded as the greatest writer in the Slovene language Ivan Cankar
33%
Yugoslav gymnast who won gold medals at 1924 and 1928 Olympics Leon Štukelj
33%
The all-time record holder in goals for Slovenia Zlatko Zahovič
33%
Yugoslav politician who was member of the Communist Party of Slovenia before WWII Edvard Kardelj
24%
Actress who was a film star in the late 1920s and the early 1930s Ita Rina
24%
Celebrated football player and manager who led Slovenia to its first major tournaments Srečko Katanec
24%
Yugoslav alpine skier who won silver medal in giant slalom in the 1988 Olympics Mateja Svet
19%
Basketball player who was NBA champion with LA Lakers in 2009 and 2010 Sasha Vujačić
19%
Banker, politician and diplomat who was one of the leaders of the National Progressive Party Ivan Hribar
5%
Emmy-winning actor known for roles in Damages, Argo, and Three Billboards Outside Ebbing, Missouri Željko Ivanek
0%
No matching quizzes found
Score Distribution
Percent of People with Each Score
Percentile by Number Answered
Your Score History
You have not taken this quiz since the last reset